<?xml version="1.0" encoding="UTF-8"?>
<record
    xmlns:xsi="http://www.w3.org/2001/XMLSchema-instance"
    xsi:schemaLocation="http://www.loc.gov/MARC21/slim http://www.loc.gov/standards/marcxml/schema/MARC21slim.xsd"
    xmlns="http://www.loc.gov/MARC21/slim">

  <leader>02112njm a2200385Ia 4500</leader>
  <controlfield tag="001">C8543</controlfield>
  <controlfield tag="003">IT-RoPAU</controlfield>
  <controlfield tag="005">20220918181117.0</controlfield>
  <controlfield tag="008">131025s9999    xx            000 0 und d</controlfield>
  <datafield tag="040" ind1=" " ind2=" ">
    <subfield code="a">IT-RoPAU</subfield>
  </datafield>
  <datafield tag="040" ind1=" " ind2=" ">
    <subfield code="c">IT-RoPAU</subfield>
  </datafield>
  <datafield tag="041" ind1=" " ind2=" ">
    <subfield code="a">INGLESE</subfield>
  </datafield>
  <datafield tag="999" ind1=" " ind2=" ">
    <subfield code="c">99468</subfield>
    <subfield code="d">99468</subfield>
  </datafield>
  <datafield tag="999" ind1=" " ind2=" ">
    <subfield code="b">n.d.</subfield>
  </datafield>
  <datafield tag="100" ind1=" " ind2=" ">
    <subfield code="a">AA.VV.</subfield>
    <subfield code="9">794</subfield>
  </datafield>
  <datafield tag="100" ind1=" " ind2=" ">
    <subfield code="e">Autore musica</subfield>
    <subfield code="9">30382</subfield>
  </datafield>
  <datafield tag="100" ind1=" " ind2=" ">
    <subfield code="g">Codice autore musica SPICS: 12000</subfield>
    <subfield code="9">796</subfield>
  </datafield>
  <datafield tag="245" ind1=" " ind2=" ">
    <subfield code="a">Musica sullo schermo</subfield>
  </datafield>
  <datafield tag="250" ind1=" " ind2=" ">
    <subfield code="a">1a ed.</subfield>
  </datafield>
  <datafield tag="260" ind1=" " ind2=" ">
    <subfield code="a">USA</subfield>
  </datafield>
  <datafield tag="260" ind1=" " ind2=" ">
    <subfield code="b">ORION PICTURES</subfield>
    <subfield code="c">1990 [1a Ed.:1990 - Ed. Lingua Orig.: 1990]</subfield>
  </datafield>
  <datafield tag="300" ind1=" " ind2=" ">
    <subfield code="a">MUSICASSETTA</subfield>
  </datafield>
  <datafield tag="300" ind1=" " ind2=" ">
    <subfield code="c">28 minuti (Testo: 0 pag.)</subfield>
  </datafield>
  <datafield tag="500" ind1=" " ind2=" ">
    <subfield code="a">Colonna sonora. Brani tratti dalle colonne sonore di celebri film.</subfield>
  </datafield>
  <datafield tag="505" ind1=" " ind2=" ">
    <subfield code="a">Main Title [(I Had A Farm In Africa) (dal film "La mia Africa") (4:00)] - I Can Dream About You [(dal film "Strade di Fuoco") (5:00)] - Johnny B. Goode [(dal film "American Graffiti") (3:00)] - Smoke Gets In Your Eyes [(dal film "Always") (3:00)] - Car Wash [(dal film "Car Wash") (4:00)] - I Don't Know How To Love Him [(dal film "Jesus Christ Superstar") (4:00)] - Main Title [(dal film "Il silenzio degli innocenti") (6:00)]</subfield>
  </datafield>
  <datafield tag="650" ind1=" " ind2=" ">
    <subfield code="a">COLONNA SONORA [CASSETTE]</subfield>
    <subfield code="e">Codice MATERIA SPICS: 9951</subfield>
    <subfield code="9">1918</subfield>
  </datafield>
  <datafield tag="700" ind1=" " ind2=" ">
    <subfield code="a">Barry John</subfield>
    <subfield code="d">Codice autore musica SPICS: 10744</subfield>
    <subfield code="e">Autore musica</subfield>
    <subfield code="p">Main Title (I Had a Farm In Africa)</subfield>
    <subfield code="9">30383</subfield>
  </datafield>
  <datafield tag="700" ind1=" " ind2=" ">
    <subfield code="a">Hartman Dan</subfield>
    <subfield code="d">Codice autore musica SPICS: 15926</subfield>
    <subfield code="e">Autore musica</subfield>
    <subfield code="p">I Can Dream About You</subfield>
    <subfield code="9">30384</subfield>
  </datafield>
  <datafield tag="700" ind1=" " ind2=" ">
    <subfield code="a">Berry Chuck</subfield>
    <subfield code="d">Codice autore musica SPICS: 16428</subfield>
    <subfield code="e">Autore musica</subfield>
    <subfield code="p">Johnny B. Goode</subfield>
    <subfield code="9">30385</subfield>
  </datafield>
  <datafield tag="700" ind1=" " ind2=" ">
    <subfield code="a">Souther J.D.</subfield>
    <subfield code="d">Codice autore musica SPICS: 31540</subfield>
    <subfield code="e">Autore musica</subfield>
    <subfield code="p">Smoke Gets In Your Eyes</subfield>
    <subfield code="9">30386</subfield>
  </datafield>
  <datafield tag="700" ind1=" " ind2=" ">
    <subfield code="a">Whitfield Raoul</subfield>
    <subfield code="d">Codice autore musica SPICS: 18254</subfield>
    <subfield code="e">Autore musica</subfield>
    <subfield code="p">Car Wash</subfield>
    <subfield code="9">30387</subfield>
  </datafield>
  <datafield tag="700" ind1=" " ind2=" ">
    <subfield code="a">Rice Tim</subfield>
    <subfield code="d">Codice autore musica SPICS: 11116</subfield>
    <subfield code="e">Autore musica</subfield>
    <subfield code="p">I Don't Know How To Love Him</subfield>
    <subfield code="9">30388</subfield>
  </datafield>
  <datafield tag="700" ind1=" " ind2=" ">
    <subfield code="a">Webber Andrew Lloyd</subfield>
    <subfield code="d">Codice autore SPICS: 11199</subfield>
    <subfield code="e">Autore musica</subfield>
    <subfield code="p">I Don't Know How To Love Him</subfield>
    <subfield code="9">30389</subfield>
  </datafield>
  <datafield tag="700" ind1=" " ind2=" ">
    <subfield code="a">Shore Howard</subfield>
    <subfield code="d">Codice autore musica SPICS: 27220</subfield>
    <subfield code="e">Autore musica</subfield>
    <subfield code="p">Main Title</subfield>
    <subfield code="9">30390</subfield>
  </datafield>
  <datafield tag="942" ind1=" " ind2=" ">
    <subfield code="c">MC</subfield>
    <subfield code="2">ddc</subfield>
  </datafield>
  <datafield tag="952" ind1=" " ind2=" ">
    <subfield code="0">0</subfield>
    <subfield code="1">0</subfield>
    <subfield code="4">0</subfield>
    <subfield code="6">C_8543_000000000000000</subfield>
    <subfield code="7">1</subfield>
    <subfield code="a">SPICS</subfield>
    <subfield code="b">SPICS</subfield>
    <subfield code="d">2013-10-25</subfield>
    <subfield code="l">0</subfield>
    <subfield code="o">C8543</subfield>
    <subfield code="r">2013-10-25 00:00:00</subfield>
    <subfield code="w">2013-10-25</subfield>
    <subfield code="y">MC</subfield>
    <subfield code="z">Progr. Ins.: 1515 / N.Vol.: 1 / Copie: 1 - Copia rara: n.d. / date import: 01.01.2014 - By Epidotti, Trombetti, Vaglietti</subfield>
  </datafield>
</record>
